| 000 -ლიდერი |
| ფიქსირებული სიგრძის საკონტროლო ველი |
01544nam a2200253 4500 |
| 003 - საკონტროლო ნომრის იდენტიფიკატორი |
| საკონტროლო ველი |
Ge_BSU |
| 005 - ბოლო ოპერაციის თარიღი და დრო |
| საკონტროლო ველი |
20250922163217.0 |
| 008 - ფიქსირებული სიგრძის მონაცემთა ელემენტები - ზოგადი ინფორმაცია |
| ფიქსირებული სიგრძის საკონტროლო ველი |
250922s2006 ge ||||| |||| 00| 0 geo d |
| 020 ## - წიგნის საერთაშორისო სტანდარტული ნომერი |
| International Standard Book Number |
9994009338 |
| 041 ## - ენის კოდი |
| Language code of text/sound track or separate title |
geo |
| 080 ## - უნივერსალური ათობითი კლასიფიკაციის ინდექსი |
| Universal Decimal Classification number |
821.353.1-92 : 94(479.22) : 341.231(479.22) ხ-46 |
| 100 ## - მთავარი ჩანაწერი - პიროვნების სახელი |
| Personal name |
ხეცურიანი, ჯონი |
| 9 (RLIN) |
25847 |
| 245 ## - ცნობა სათაურის შესახებ |
| Title |
დამოუკიდებლობიდან სამართლებრივი სახელმწიფოსაკენ : |
| Remainder of title |
პუბლიცისტური წერილები, ინტერვიუები / |
| Statement of responsibility, etc |
[რედ.: ირინა წიკლაური, ევა ჩიკაშუა]. |
| 264 ## - წარმოების, გამოცემის, დისტრიბუციის და სხვა ცნობები |
| გამოცემის, წარმოების, დისტრიბუციის... ადგილი |
თბ., |
| გამოცემის, წარმოების, დისტრიბუციის... თარიღი |
2006. |
| 300 ## - ფიზიკური აღწერა |
| Extent |
454 გვ. : |
| Other physical details |
ფოტ. ; |
| Dimensions |
23 სმ. |
| 500 ## - ზოგადი შენიშვნა |
| General note |
ბიბლიოგრ. ტექსტ. შენიშვნ. |
| 653 ## - INDEX TERM--UNCONTROLLED |
| Uncontrolled term |
საქართველოს უახლესი ისტორია |
| 653 ## - INDEX TERM--UNCONTROLLED |
| Uncontrolled term |
1991 წლის 9 აპრილი |
| 653 ## - INDEX TERM--UNCONTROLLED |
| Uncontrolled term |
საქართველოს სახელმწიფოებრივი დამოუკიდებლობის აღდგენა. |
| 653 ## - INDEX TERM--UNCONTROLLED |
| Uncontrolled term |
საქართველოში სამართლებრივი სახელმწიფოს მშენებლობა |
| 700 ## - ADDED ENTRY--PERSONAL NAME |
| Personal name |
წუკლაური, ირინა |
| Relator term |
რედაქტორი |
| 9 (RLIN) |
25848 |
| 700 ## - ADDED ENTRY--PERSONAL NAME |
| Personal name |
ჩიკაშუა, ევა |
| Relator term |
რედაქტორი |
| 9 (RLIN) |
4169 |
| 942 ## - ADDED ENTRY ELEMENTS (KOHA) |
| Source of classification or shelving scheme |
|
| Koha item type |
წიგნი |